000 007060000a22002290004500
003 LK-CoMWRAF
005 20231109094827.0
008 230817t2004 ||||| |||| 00| 0 eng d
020 _a1862076502
040 _aLK-CoMWRAF
_dLK-CoMWRAF
_eLK-CoMWRAF
041 _aeng
082 _a297.092
_bSAR
100 _aSardar, Ziauddin
245 _aDesperately Seeking Paradise:
_bJourneys of a Sceptical Muslim
260 _aLondon:
_bGranta,
_c2004
300 _a 354 p. ; 24 cm.
_bIndex included
650 _aMUSLIMS-Great Britain-Biography
650 _aTravel -- Islamic countries;
650 _a Islam -- Essence, genius, nature
650 _aIslamic countries -- Description and travel;
942 _cBK
999 _c935
_d935